| 000 | 01101nas a2200349 4500 | ||
|---|---|---|---|
| 001 | BR2010000209 | ||
| 003 | BR-BrBNA | ||
| 005 | 20231205114031.0 | ||
| 007 | ta | ||
| 008 | 230509b bl.|||p| |||| 00| 00por d | ||
| 040 |
_aBR-BrBNA _bpor _cBiblioteca Nacional de Agricultura |
||
| 041 | _a(Pt) | ||
| 072 | _aL02; L01 | ||
| 100 | 1 | _aBaggio, C. | |
| 100 | 1 | _aCarvalho, P.C. de F. | |
| 100 | 1 | _aSilva, J.L.S. da | |
| 100 | 1 | _aAnghinoni, I. | |
| 100 | 1 | _aLopes, M.L.T. | |
| 100 | 1 | _aThurow, J.M. | |
| 245 | 1 | _aPadrões de deslocamento e captura de forragem por novilhos em pastagem de azevé-anual e aveia-preta manejada sob diferentes alturas em sistema de integração lavoura-pecuária | |
| 650 | _aBOVINO | ||
| 650 | _aLAVOURA | ||
| 650 | _aPECUÁRIA | ||
| 650 | _aPASTAGEM | ||
| 650 | _aFORRAGEM | ||
| 650 | _aNOVILHO | ||
| 650 | _aAVEIA FORRAGEIRA | ||
| 650 | _aNUTRIÇÃO ANIMAL | ||
| 773 | 0 |
_tRevista Brasileira de Zootecnia (Brazil) _xISSN 1516-3598 _g(Feb 2009), v. 38(2) p. 215-222 _wBR2010000209 |
|
| 909 |
_a202311 _bLúcia _c55 _dLúcia Elande |
||
| 942 |
_2AGRIS _n0 _cANA |
||
| 999 |
_c206808 _d206808 |
||